000 00487nam a22001817a 4500
003 CEME
005 20210628204020.0
008 210104b xxu||||| |||| 00| 0 eng d
020 _a9780199064779
040 _cceme
082 _a954.92046 BOS
100 _aBose, Sarmila
_951292
245 _aDead reckoning , memories of the 1971 bangladesh war
260 _aPAKISTAN
_bOXFORD
_c2011
300 _a239P
650 _aMEMORIES OF THE 1971 BANGLADESH WAR.
_968263
942 _cBK
_2ddc
999 _c575871
_d575871